LIBRARY & INFORMATION CENTRE, KCAET, TAVANUR

ONLINE PUBLIC ACCESS CATALOGUE (OPAC)

Agricultural Economics and Agribusiness (Record no. 14526)

MARC details
000 -LEADER
fixed length control field 00404nam a22001577a 4500
020 ## - INTERNATIONAL STANDARD BOOK NUMBER
ISBN 9788126528950
082 ## - DEWEY DECIMAL CLASSIFICATION NUMBER
Classification number 630.33
Item number CRA/AG
100 ## - MAIN ENTRY--AUTHOR NAME
Personal name Cramer,Gail L.
100 ## - MAIN ENTRY--AUTHOR NAME
Personal name Jensen,Clarence W.
100 ## - MAIN ENTRY--AUTHOR NAME
Personal name Southgate,Douglas D.
245 ## - TITLE STATEMENT
Title Agricultural Economics and Agribusiness
250 ## - EDITION STATEMENT
Edition statement 8 th
260 ## - PUBLICATION, DISTRIBUTION, ETC. (IMPRINT)
Place of publication New Delhi
Name of publisher Wiley India Pvt. Ltd
Year of publication 2011
300 ## - PHYSICAL DESCRIPTION
Number of Pages 519
942 ## - ADDED ENTRY ELEMENTS (KOHA)
Koha item type Books
Holdings
Withdrawn status Lost status Damaged status Collection code Home library Current library Shelving location Date acquired Source of acquisition Cost, normal purchase price Full call number Accession Number Koha item type
        KAUAET KAUAET General Stacks 14/07/2016 Researchco Books and Periodicals, New Delhi 995.00 630.33 CRA/AG 24363 Books
free website counter